00405 a2200157 4500003000400000005001700004008004100021020001800062040000900080082001500089100002000104245007200124250001200196260003000208300000900238OSt20240209131355.0240209b |||||||| |||| 00| 0 eng d a9788131729205 coclc a300bKUN/S aKundu, Abhijit  aThe Social sciences: Methodology and Perspectives /cAbhijit Kundu a1st ed. aChennaI:bPearson,c2009. a137p